<?xml version="1.0" encoding="UTF-8"?>
<record
    xmlns:xsi="http://www.w3.org/2001/XMLSchema-instance"
    xsi:schemaLocation="http://www.loc.gov/MARC21/slim http://www.loc.gov/standards/marcxml/schema/MARC21slim.xsd"
    xmlns="http://www.loc.gov/MARC21/slim">

  <leader>01185nam a22003017a 4500</leader>
  <controlfield tag="003">OSt</controlfield>
  <controlfield tag="005">20260512090316.0</controlfield>
  <controlfield tag="008">260512b        |||||||| |||| 00| 0 aze d</controlfield>
  <datafield tag="020" ind1=" " ind2=" ">
    <subfield code="a">9789952477009</subfield>
  </datafield>
  <datafield tag="040" ind1=" " ind2=" ">
    <subfield code="a">AZ-XaKU</subfield>
    <subfield code="b">aze</subfield>
    <subfield code="c">AZ-XaKU</subfield>
  </datafield>
  <datafield tag="041" ind1=" " ind2=" ">
    <subfield code="a">aze</subfield>
  </datafield>
  <datafield tag="050" ind1="0" ind2="4">
    <subfield code="a">PN2918 .Ag .&#x130;s74 .T3408 2016</subfield>
  </datafield>
  <datafield tag="100" ind1="1" ind2=" ">
    <subfield code="a">&#x130;srafilov, &#x130;srafil,</subfield>
    <subfield code="c">professor,</subfield>
    <subfield code="d">1964 - ,</subfield>
    <subfield code="e">m&#xFC;&#x259;llif.</subfield>
  </datafield>
  <datafield tag="245" ind1="1" ind2=" ">
    <subfield code="a">... v&#x259; Teatr</subfield>
    <subfield code="c">/ &#x130;srafil &#x130;srafilov</subfield>
  </datafield>
  <datafield tag="264" ind1=" " ind2=" ">
    <subfield code="a">Bak&#x131;:</subfield>
    <subfield code="b">&#x15E;&#x259;rq-Q&#x259;rb,</subfield>
    <subfield code="c">2016.</subfield>
  </datafield>
  <datafield tag="300" ind1=" " ind2=" ">
    <subfield code="a">264 s&#x259;hif&#x259; ;</subfield>
    <subfield code="c">22 sm.</subfield>
  </datafield>
  <datafield tag="336" ind1=" " ind2=" ">
    <subfield code="a">text</subfield>
    <subfield code="b">txt</subfield>
    <subfield code="2">rdacontent</subfield>
  </datafield>
  <datafield tag="337" ind1=" " ind2=" ">
    <subfield code="a">unmediated</subfield>
    <subfield code="b">n</subfield>
    <subfield code="2">rdamedia</subfield>
  </datafield>
  <datafield tag="338" ind1=" " ind2=" ">
    <subfield code="a">volume </subfield>
    <subfield code="b">nc</subfield>
    <subfield code="2">rdacarrier</subfield>
  </datafield>
  <datafield tag="505" ind1="0" ind2=" ">
    <subfield code="a">Onlar -- ... v&#x259; teatr</subfield>
  </datafield>
  <datafield tag="520" ind1=" " ind2=" ">
    <subfield code="a">Az&#x259;rbaycan &#x259;d&#x259;biyyat&#x131;n&#x131;n v&#x259; teatr s&#x259;n&#x259;tinin m&#xFC;xt&#x259;lif m&#x259;s&#x259;l&#x259;l&#x259;rin&#x259; h&#x259;sr olunan bu kitabda m&#xFC;&#x259;llif d&#xFC;nyada, &#xF6;lk&#x259;mizd&#x259; m&#xF6;vcud olan elmi-n&#x259;z&#x259;ri bilgil&#x259;r&#x259; v&#x259; &#x15F;&#x259;xsi m&#xFC;&#x15F;ahid&#x259;l&#x259;rin&#x259; &#x259;saslanm&#x131;&#x15F;d&#x131;r. Burada m&#xFC;&#x259;llifin uzun ill&#x259;r apard&#x131;&#x11F;&#x131; t&#x259;dqiqatlardan qaynaqlanan n&#x259;tic&#x259;l&#x259;r &#xF6;z &#x259;ksini tapm&#x131;&#x15F;d&#x131;r.
</subfield>
  </datafield>
  <datafield tag="546" ind1=" " ind2=" ">
    <subfield code="a">aze</subfield>
  </datafield>
  <datafield tag="600" ind1=" " ind2=" ">
    <subfield code="2">AZ-XaKU</subfield>
  </datafield>
  <datafield tag="650" ind1=" " ind2="7">
    <subfield code="2">AZ-XaKU</subfield>
    <subfield code="a">Az&#x259;rbaycan teatr&#x131;</subfield>
  </datafield>
  <datafield tag="655" ind1=" " ind2=" ">
    <subfield code="a">O&#xE7;erkl&#x259;r</subfield>
  </datafield>
  <datafield tag="942" ind1=" " ind2=" ">
    <subfield code="c">BOOK</subfield>
  </datafield>
  <datafield tag="999" ind1=" " ind2=" ">
    <subfield code="c">417</subfield>
    <subfield code="d">417</subfield>
  </datafield>
  <datafield tag="952" ind1=" " ind2=" ">
    <subfield code="0">0</subfield>
    <subfield code="1">0</subfield>
    <subfield code="2">lcc</subfield>
    <subfield code="4">0</subfield>
    <subfield code="7">0</subfield>
    <subfield code="8">FA</subfield>
    <subfield code="a">KU</subfield>
    <subfield code="b">KUA</subfield>
    <subfield code="d">2026-05-12</subfield>
    <subfield code="l">0</subfield>
    <subfield code="o">PN2918 .Ag .&#x130;s74 .T3408 2016</subfield>
    <subfield code="p">0000001193</subfield>
    <subfield code="r">2026-05-12 09:03:55</subfield>
    <subfield code="t">1</subfield>
    <subfield code="w">2026-05-12</subfield>
    <subfield code="y">BOOK</subfield>
  </datafield>
</record>
